00472 2200181 4500001002100000005001500021035002000036007000300056008004100059082001000100084001600110100002500126245006000151250001000211260003400221300002600255990000900281INLIS00000000000802920210408112832 a0010-0421000173ta210408 g | ind  a297.3 a297.3 DRS u0 aDrs. Syahminan Zaini1 aUntuk apa seorang Muslim shalat /cDrs. Syahminan Zaini acet.2 aJakarta :bKalam Mulia,c1990 a90 hlm. ;c20 x 14 cm a166b